| 000 | 00440nam a22001577a 4500 | ||
|---|---|---|---|
| 003 | Macl | ||
| 005 | 20241023114345.0 | ||
| 008 | 241023b |||||||| |||| 00| 0 eng d | ||
| 040 | _cMacl | ||
| 082 | _a891.433 | ||
| 100 |
_aवर्मा निर्मल _940933 |
||
| 245 | _aअरण्य अंतिम | ||
| 260 |
_aमुंबई _bराजकमल _c2024 |
||
| 650 |
_aउपनायस / VER _982787 |
||
| 942 |
_2ddc _cBK |
||
| 999 |
_c67503 _d67503 |
||